Bytová výstavba v Bratislave ponúka možnosti pre potencionálnych investorov zo zahraničia
J. Kojda, riaditeľ sekcie stratégie a koncepcií Magistrátu hl. m. SR Bratislavy, hovorí o spôsoboch, ako mesto nakladá s nehnuteľnosťami: vstupovanie do obchodných spoločností, klasický predaj, dohody o nájme. Snaha rozšíriť centrum mesta. Bytová výstavba.
Enregistré dans:
| Auteur principal: | |
|---|---|
| Autres auteurs: | |
| Format: | Chapitre de livre |
| Langue: | slovaque |
| Sujets: | |
| Tags: |
Pas de tags, Soyez le premier à ajouter un tag!
|
MARC
| LEADER | 00000naa a2200000 4500 | ||
|---|---|---|---|
| 001 | r018896 | ||
| 005 | 20221213100736.9 | ||
| 041 | 0 | |a slo | |
| 044 | |a SK | ||
| 245 | 1 | 0 | |a Bytová výstavba v Bratislave ponúka možnosti pre potencionálnych investorov zo zahraničia |c J. Kojda, P. Švec |
| 520 | |a J. Kojda, riaditeľ sekcie stratégie a koncepcií Magistrátu hl. m. SR Bratislavy, hovorí o spôsoboch, ako mesto nakladá s nehnuteľnosťami: vstupovanie do obchodných spoločností, klasický predaj, dohody o nájme. Snaha rozšíriť centrum mesta. Bytová výstavba. | ||
| 610 | 2 | 0 | |a Slovensko |
| 610 | 2 | 0 | |a Bratislava |
| 610 | 2 | 0 | |a Magistrát hl. m. SR Bratislavy |
| 610 | 2 | 0 | |a nehnuteľnosti |
| 610 | 2 | 0 | |a pozemky |
| 610 | 2 | 0 | |a nájomné |
| 610 | 2 | 0 | |a mestá |
| 610 | 2 | 0 | |a výstavba bytová |
| 610 | 2 | 0 | |a obchod s nehnuteľnosťami |
| 610 | 2 | 0 | |a investície zo zahraničia |
| 610 | 2 | 0 | |a cena nehnuteľností |
| 100 | 1 | |a Kojda, J. | |
| 700 | 1 | |a Švec, P. | |